Introduction to 3G Mobile Communications (Record no. 247967)

000 -LEADER
fixed length control field 00332 a2200133 4500
001 - CONTROL NUMBER
control field 12894
090 ## - LOCALLY ASSIGNED LC-TYPE CALL NUMBER (OCLC); LOCAL CALL NUMBER (RLIN)
-- 9872
-- 9872
100 ## - MAIN ENTRY--PERSONAL NAME
Personal name Korhonen,J
245 ## - TITLE STATEMENT
Title Introduction to 3G Mobile Communications
260 ## - PUBLICATION, DISTRIBUTION, ETC.
Place of publication, distribution, etc. LONDON
Name of publisher, distributor, etc. Artech House
Date of publication, distribution, etc. 2003
300 ## - PHYSICAL DESCRIPTION
Extent xviii, 544 p
505 ## - FORMATTED CONTENTS NOTE
Formatted contents note 3G Mobile Communication
600 ## - SUBJECT ADDED ENTRY--PERSONAL NAME
Title of a work 3G Mobile Communication
942 ## - ADDED ENTRY ELEMENTS (KOHA)
Institution code [OBSOLETE] NUST-CAE
Holdings
Withdrawn status Lost status Damaged status Not for loan Collection code Permanent Location Current Location Date acquired Total Checkouts Barcode Date last seen Price effective from Koha item type
          College of Aeronautical Engineering (CAE) College of Aeronautical Engineering (CAE) 04/03/2017   CAEN-3306 04/05/2017 04/05/2017 Book
          College of Aeronautical Engineering (CAE) College of Aeronautical Engineering (CAE) 04/03/2017   CAEN-3382 04/05/2017 04/05/2017 Book
© 2023 Central Library, National University of Sciences and Technology. All Rights Reserved.